| 000 | 00970cam a22003138i 4500 | ||
|---|---|---|---|
| 001 | 19038610 | ||
| 003 | OSt | ||
| 005 | 20250610132910.0 | ||
| 008 | 160401s2016 mau b 001 0 eng | ||
| 010 | _a 2016010431 | ||
| 020 | _a9789332586116 | ||
| 040 |
_aDLC _beng _cDLC _erda |
||
| 042 | _apcc | ||
| 050 | 0 | 0 |
_aHM1033 _b.B35 2016 |
| 082 | 0 | 0 |
_a302 _bBRA/S |
| 100 | 1 |
_aBaron, Robert A. _eauthor. _98554 |
|
| 245 | 1 | 0 |
_aSocial psychology / _cRobert A. Baron, Oklahoma State University, Nyla R. Branscombe, University of Kansas. |
| 250 | _aFourteenth edition. | ||
| 263 | _a1605 | ||
| 264 | 1 |
_aBoston : _bPearson, _c[2016] |
|
| 300 | _a570 pages | ||
| 336 |
_atext _2rdacontent |
||
| 337 |
_aunmediated _2rdamedia |
||
| 338 |
_avolume _2rdacarrier |
||
| 504 | _aIncludes bibliographical references and index. | ||
| 650 | 0 | _aSocial psychology. | |
| 700 | 1 |
_aBranscombe, Nyla R., _eauthor. |
|
| 942 |
_2ddc _cBK _h302 _iBRA/S _k302 _mBRA/S |
||
| 999 |
_c44553 _d44553 |
||